[Event "Centroamericano and Caribe U18"]
[Site "Merida"]
[Date "2018.05.02"]
[Round "8"]
[White "Castro Altamiranda, Dalmer Yosue"]
[Black "Palencia Lindarte, Willians Josue"]
[Result "0-1"]
[WhiteElo "1245"]
[BlackElo "1460"]
[PlyCount "40"]
[EventDate "2018.04.28"]
[EventType "swiss"]
[EventRounds "9"]
[EventCountry "VEN"]
[SourceTitle "EXT 2021"]
[Source "ChessBase"]
[SourceDate "2020.10.23"]
[SourceVersion "1"]
[SourceVersionDate "2020.10.23"]
[SourceQuality "1"]

1. e4 c5 2. Nc3 d6 3. Nf3 Nf6 4. d4 cxd4 5. Nxd4 g6 6. Bc4 Bg7 7. 0-0 0-0 8. Be3 Nc6 9. f4 Ng4 10. Nxc6 Nxe3 11. Nxd8 Nxd1 12. Nxf7 Bd4+ 13. Kh1 Nf2+ 14. Rxf2 Bxf2 15. Rf1 Bd4 16. Nxd6+ Kg7 17. Ndb5 Bxc3 18. Nc7 Rb8 19. Be6 Bxb2 20. Bxc8 Rbxc8 0-1

[Event "Centroamericano and Caribe U18"]
[Site "Merida"]
[Date "2018.04.28"]
[Round "2"]
[White "Perez Soto, Alejandro Jose"]
[Black "Castro Altamiranda, Dalmer Yosue"]
[Result "1-0"]
[WhiteElo "1622"]
[BlackElo "1245"]
[PlyCount "93"]
[EventDate "2018.04.28"]
[EventType "swiss"]
[EventRounds "9"]
[EventCountry "VEN"]
[SourceTitle "EXT 2021"]
[Source "ChessBase"]
[SourceDate "2020.10.23"]
[SourceVersion "1"]
[SourceVersionDate "2020.10.23"]
[SourceQuality "1"]

1. Nf3 d5 2. c4 dxc4 3. e3 Nf6 4. Bxc4 Bg4 5. Qb3 e6 6. Qxb7 Nbd7 7. Nd4 Bc5 8. Nc6 Qc8 9. Qxc8+ Rxc8 10. b4 Bd6 11. Nxa7 Ra8 12. Nb5 Nb6 13. Nxd6+ cxd6 14. Bb5+ Kd8 15. Bb2 Nbd5 16. a3 Ke7 17. Nc3 Bh5 18. 0-0 Nxc3 19. dxc3 Ne4 20. f3 Nf6 21. a4 Nd7 22. a5 Nb8 23. Bd3 Kd7 24. b5 Kc7 25. c4 f6 26. Be4 Nd7 27. b6+ Kb8 28. Rfd1 Ra6 29. Rxd6 Nc5 30. Bc6 Be8 31. Bc3 e5 32. Bb4 Nb7 33. Bxb7 Kxb7 34. Rd8 Ra8 35. Rad1 Bc6 36. Rxh8 Rxh8 37. Rd6 Ba4 38. Kf2 Re8 39. e4 Re7 40. Rxf6 Rd7 41. Rd6 Rf7 42. Ke3 Rf4 43. Re6 Rf7 44. Rxe5 Bc6 45. Re7+ Rxe7 46. Bxe7 h5 47. Kd4 1-0